000 00488nam a2200169Ia 4500
008 090201s9999 xx 000 0 und d
010 _aKPL-40803
040 _bमराठी
041 _aमराठी
082 _a29255
_b40803
100 _aरजनी शिरोडकर
245 _aकपट
_cरजनी शिरोडकर
260 _c2004
_bप्रिया प्रकाशन
300 _a179
_bमोठा
600 _aकपट
942 _cBOOK
999 _c227871
_d227871